[Event "Titled Tuesday intern op 09th May Late"]
[Site "Chess.com INT"]
[Date "2023.05.09"]
[Round "8"]
[White "Smith, Garrett L"]
[Black "Figorito, Nick"]
[Result "0-1"]
[WhiteElo "2047"]
[BlackElo "2036"]
[PlyCount "48"]
[EventDate "2023.05.09"]
[EventType "swiss (blitz)"]
[EventRounds "11"]
[EventCountry "USA"]
[SourceTitle "CBM 214 Extra"]
[Source "ChessBase"]
[SourceDate "2023.07.31"]
[SourceVersion "1"]
[SourceVersionDate "2023.07.31"]
[SourceQuality "1"]

1. e4 e6 2. d4 d5 3. Nc3 Bb4 4. exd5 exd5 5. Bd3 Ne7 6. Qh5 g6 7. Qh6 c5 8. dxc5 d4 9. a3 Qa5 10. axb4 Qxa1 11. Nce2 Nbc6 12. Nf3 Bg4 13. 0-0 Bxf3 14. gxf3 Qa4 15. Bg5 Qxb4 16. Qg7 Rg8 17. Qxh7 Qxc5 18. h4 0-0-0 19. Ng3 Rdf8 20. Ne4 Qb6 21. Nd6+ Kb8 22. Nxf7 Ka8 23. Re1 Nf5 24. Re6 Rg7 0-1

[Event "Titled Tuesday intern op 09th May Late"]
[Site "Chess.com INT"]
[Date "2023.05.09"]
[Round "1"]
[White "Spitzl, Vinzent"]
[Black "Smith, Garrett L"]
[Result "0-1"]
[WhiteElo "2365"]
[BlackElo "2047"]
[PlyCount "56"]
[EventDate "2023.05.09"]
[EventType "swiss (blitz)"]
[EventRounds "11"]
[EventCountry "USA"]
[SourceTitle "CBM 214 Extra"]
[Source "ChessBase"]
[SourceDate "2023.07.31"]
[SourceVersion "1"]
[SourceVersionDate "2023.07.31"]
[SourceQuality "1"]

1. e4 c5 2. Nf3 Nc6 3. d4 cxd4 4. Nxd4 e5 5. Nb5 d6 6. N1c3 a6 7. Na3 Be7 8. Be3 Nf6 9. f3 0-0 10. Nc4 Be6 11. Nb6 Rb8 12. Nbd5 b5 13. Be2 b4 14. Nxf6+ Bxf6 15. Nd5 Bxd5 16. Qxd5 Nd4 17. Bxd4 exd4 18. Bxa6 d3 19. cxd3 Bxb2 20. Rb1 Bc3+ 21. Ke2 Ra8 22. Bc4 Ra5 23. Qc6 Qg5 24. Kf1 Qd2 25. Qb6 Rc5 26. Qxd6 Rxc4 27. Qd5 Rd4 28. Qb5 Qc2 0-1

[Event "Titled Tuesday intern op 25th Apr Late"]
[Site "Chess.com INT"]
[Date "2023.04.25"]
[Round "5"]
[White "Erdogan, Anil Berk"]
[Black "Smith, Garrett L"]
[Result "1/2-1/2"]
[WhiteElo "2091"]
[BlackElo "2047"]
[PlyCount "117"]
[EventDate "2023.04.25"]
[EventType "swiss (blitz)"]
[EventRounds "11"]
[EventCountry "USA"]
[SourceTitle "EXT 2024"]
[Source "ChessBase"]
[SourceDate "2023.10.10"]
[SourceVersion "1"]
[SourceVersionDate "2023.10.10"]
[SourceQuality "1"]

1. e4 c5 2. Nf3 Nc6 3. d4 cxd4 4. Nxd4 e5 5. Nb5 d6 6. N1c3 a6 7. Na3 Be7 8. Nd5 Nf6 9. Nxf6+ Bxf6 10. Bc4 0-0 11. 0-0 Be6 12. Bd5 Rc8 13. c4 Qd7 14. Nc2 Ne7 15. Ne3 Bg5 16. b3 b5 17. Bxe6 fxe6 18. cxb5 axb5 19. Qg4 h6 20. Nd5 Nxd5 21. exd5 Rf5 22. Bxg5 Rxg5 23. Qxe6+ Qxe6 24. dxe6 Kf8 25. f4 exf4 26. Rxf4+ Ke7 27. Re1 Rc2 28. g3 Re5 29. Rf7+ Kxe6 30. Rxe5+ dxe5 31. Rxg7 Rxa2 32. Rb7 Kf5 33. Rxb5 Ke4 34. Rb6 Rb2 35. Rxh6 Rxb3 36. Kg2 Rb2+ 37. Kh3 Kf5 38. Rh5+ Kf6 39. Rh4 Kf5 40. Ra4 e4 41. Ra5+ Kf6 42. Ra4 Kf5 43. Ra5+ Kf6 44. Rc5 e3 45. Rc3 Re2 46. Kg4 Ke5 47. h4 Kd4 48. Rc8 Rh2 49. Rd8+ Kc3 50. Re8 e2 51. Kg5 Kd2 52. h5 Rh3 53. g4 Re3 54. Rd8+ Kc2 55. Rc8+ Kb2 56. Rb8+ Kc2 57. Rc8+ Kb2 58. Rb8+ Kc2 59. Rc8+ 1/2-1/2

[Event "Titled Tuesday intern op 25th Apr Early"]
[Site "Chess.com INT"]
[Date "2023.04.25"]
[Round "4"]
[White "Manukian, Artak"]
[Black "Smith, Garrett L"]
[Result "1-0"]
[WhiteElo "2196"]
[BlackElo "2047"]
[PlyCount "53"]
[EventDate "2023.04.25"]
[EventType "swiss (blitz)"]
[EventRounds "11"]
[EventCountry "USA"]
[SourceTitle "EXT 2024"]
[Source "ChessBase"]
[SourceDate "2023.10.10"]
[SourceVersion "1"]
[SourceVersionDate "2023.10.10"]
[SourceQuality "1"]

1. e4 c5 2. Nf3 Nc6 3. c3 d5 4. exd5 Qxd5 5. d4 Bf5 6. Be3 Nf6 7. c4 Qd8 8. d5 Nb4 9. Na3 e6 10. dxe6 Bxe6 11. Ng5 Qa5 12. Bd2 Rd8 13. Qb3 Be7 14. Nxe6 fxe6 15. Be2 Rxd2 16. Kxd2 0-0 17. Kc1 Ne4 18. h4 Rxf2 19. Bf3 Nd2 20. Qe3 Nf1 21. Qxe6+ Kf8 22. Be2 Nxa2+ 23. Kb1 Nc3+ 24. bxc3 Qxc3 25. Rxf1 Qb3+ 26. Kc1 Qc3+ 27. Nc2 1-0